Responses for Show #1008 - Wednesday, January 11, 1989

Peggi Malys game 1.

Contestants

[<< previous game]

Doug Jordan, a mathematician from Columbia, Maryland

Peggi Malys, a medical student from Orlando, Florida

Charlie Brown, an attorney from Utica, New York (whose 1-day cash winnings total $15,601)

[next game >>]

Jeopardy! Round responses

20th CENTURY PERSONALITIES
WORD ORIGINS
TV GUIDE SAYS
(Alex: In that category we wil give you the plotline as specified in TV Guide. What you have to do is give us the TV show.)
MEAT
ALLITERATIVE NAMES
WHAT THE "L"
    $100 26
Amelia Earhart

Peggi
    $100 1
(Peggi: What is bouffant?)

the Marcel Wave

Peggi
Triple Stumper
    $100 17
I Dream of Jeannie

Doug
    $100 16
hot dogs

Peggi
    $100 4
King Kong

Doug
    $100 9
listen

Charlie
    $200 27
John Paul II

Peggi
    $200 2
audacious

Charlie
    $200 18
Mister Ed

Doug
    $200 22
(Charlie: What is choice?)
(Doug: What is Grade A?)

prime

CharliePeggiDoug
    $200 5
Ted Turner

Doug
    $200 10
the limbo

Peggi
    $300 28
Eva PerĂ³n

Doug
    $300 3
the horn

Doug
    $300 20
Star Trek

Peggi
    $300 23
(Peggi: What is sugar?)

honey

PeggiDoug
    $300 6
Robert Redford

Peggi
    $300 11
little people

Charlie
    $400 29
(Peggi; Who is Monroe?)

Truman

CharliePeggi
    $400 14
lackadaisical

Charlie
    $400 21
The Wild Wild West

Doug
    $400 24
(Alex: [*] is right and you've got one minute to go in the round).

the ribs

Doug
    $500 7
Hal Holbrook (as Mark Twain)

Peggi
    $400 12
larboard

Charlie
    $500 30
Admiral Byrd

Charlie
    $500 15
(Doug: What is camouflage?)

taxidermy

CharlieDoug
    $500 19
Little House on the Prairie

Peggi
    $500 25
the guinea pig

Doug
    $500 8
Doris Day

Doug
    $500 13
a lanyard

Doug

Scores at the first commercial break (after clue 11):

Charlie Peggi Doug
$600 $900 $1,100

Scores at the end of the Jeopardy! Round:

Charlie Peggi Doug
$2,600 $1,600 $3,100

Double Jeopardy! Round responses

EUROPE
MYTHS & LEGENDS
BUSINESS BIGGIES
PLAYS
BIOLOGY
CELEBRITY ROMANCES
    $200 14
Monaco

Charlie
    $200 3
mistletoe

Charlie
    $200 21
beer

Doug
    $200 8
The Imaginary Invalid

Peggi
    $200 1
his legs

Charlie
    $200 26
Diane Sawyer

Doug
    $400 17
Vienna

Charlie
    $400 4
a wolf

Charlie
    $400 22
Avon

Doug
    $400 9
(Peggi: What is Franklin and Eleanor?)

Sunrise at Campobello

Peggi
Triple Stumper
    $400 2
the shell

Doug
    $400 27
Rudolph Valentino

Doug
    $600 18
Denmark

Charlie
    $600 5
crossbow

Peggi
    $600 23
IBM

Charlie
    $600 10
South Pacific

Peggi
    $600 13
lizards

Doug
    $600 30
Olivia de Havilland

Triple Stumper
    $1,600 19
Warsaw

Charlie
    $800 6
a bird

Charlie
    $800 24
Rupert Murdoch

Triple Stumper
    $800 11
(Charlie: Who is Electra?)

Antigone

CharliePeggi
    $800 15
Gregor Mendel

Doug
    $800 29
(Charlie: Who is Lee Radziwill?)

Christina Onassis

Charlie
Triple Stumper
    $1000 20
Portugal

Charlie
    $1000 7
Mephistopheles

Doug
    $1,300 25
Fiat

Charlie
    $1000 12
O'Neill

Peggi
    $1000 16
enzymes

Peggi
    $1000 28
Senator John Warner

Triple Stumper

Scores at the end of the Double Jeopardy! Round:

Charlie Peggi Doug
$8,300 $5,400 $7,100

[wagering suggestions for these scores]

Final Jeopardy! Round responses

COLONIAL AMERICA
(Alex: [After Peggi's response is revealed]: Thomas West was the first governor, Lord De La Warr]).
PeggiWhat is Delaware?
$4,400
DougWhat is Pennsylvania
$4,000
CharlieWhat is Carolina
$5,901
Delaware

Final scores:

Charlie Peggi Doug
$2,399 $9,800 $3,100
3rd place: Oneida gift certificate New champion: $9,800 2nd place: a Broyhill cherry-finished desk and a Bauer lamp

Game dynamics:

Coryat scores:

Charlie Peggi Doug
$7,200 $5,300 $7,100
19 R
(including 2 DDs),
3 W
15 R
(including 1 DD),
4 W
20 R,
2 W

Combined Coryat: $19,600

[game clues] [game scores] [suggest correction]

Game tape date: 1988-10-10
The J! Archive is created by fans, for fans. Scraping, republication, monetization, and malicious use prohibited; this site may use cookies and collect identifying information. See terms. The Jeopardy! game show and all elements thereof, including but not limited to copyright and trademark thereto, are the property of Jeopardy Productions, Inc. and are protected under law. This website is not affiliated with, sponsored by, or operated by Jeopardy Productions, Inc. Join the discussion at JBoard.tv.